Elasticidad

Salvato in:
Dettagli Bibliografici
Autore principale: Ortiz Berrocal, Luis (autor)
Natura: Libro
Lingua:spagnolo
Pubblicazione: Madrid McGraw Hill 1998
Edizione:3a. ed
Soggetti:
Tags: Aggiungi Tag
Nessun Tag, puoi essere il primo ad aggiungerne!!

MARC

LEADER 00000nam a2200000 a 4500
001 UCP2533
003 CL-VaPUC
008 990520e19980000SP |||||||||||||||||spa|d
082 0 4 |a 620.112  |b ORT  |2 21 
100 |a Ortiz Berrocal, Luis  |e autor  |9 554169 
245 1 0 |a Elasticidad 
250 |a 3a. ed 
300 |a 549 p 
942 |c BK 
945 |d 19990520 00:00:00  |a rbrito 
260 |a Madrid  |b McGraw Hill  |c 1998 
650 7 |a ELASTICIDAD  |2 CL-VaPUC  |9 266503 
650 0 |a Resistencia de materiales  |9 260095 
650 7 |a DEFORMACIONES  |2 CL-VaPUC  |9 429315 
650 7 |a TENSIONES  |2 CL-VaPUC  |9 429316 
650 0 |a Torsión   |9 266757 
583 |a last modification  |c 19990520 00:00:00  |k Rodrigo Vera 
999 |c 281052  |d 281050 
952 |0 0  |1 0  |4 0  |6 620_112000000000000_ORT_1998  |7 0  |8 R  |9 321666  |a BIBMEC  |b BIBMEC  |d 2019-11-20  |i 3525163  |l 2  |o 620.112 ORT 1998  |p 3525163  |r 2024-12-17  |s 2022-11-07  |w 2019-11-20  |y BK_R  |k MEC 
952 |0 0  |1 0  |4 0  |6 620_112000000000000_ORT_1998  |7 0  |8 A  |9 321668  |a BIBING  |b BIBING  |d 2019-11-20  |i 3745961  |o 620.112 ORT 1998  |p 3745961  |r 2025-01-20  |w 2019-11-20  |y BK  |k EIQ 
952 |0 0  |1 0  |4 0  |6 620_112000000000000_ORT_1998  |7 0  |8 A  |9 321670  |a BIBING  |b BIBING  |d 2019-11-20  |i 3745988  |o 620.112 ORT 1998  |p 3745988  |r 2025-01-20  |w 2019-11-20  |y BK  |k EIQ 
952 |0 0  |1 0  |4 0  |6 620_112000000000000_ORT_1998  |7 0  |8 A  |9 321671  |a BIBING  |b BIBING  |d 2019-11-20  |i 3779459  |o 620.112 ORT 1998  |p 3779459  |r 2025-01-20  |w 2019-11-20  |y BK  |k EIQ